Normal view
MARC view
- México.
Entry Nombre Corporativo
001 - NÚMERO DE CONTROL
- campo de control: 23992
003 - IDENTIFICADOR DE NUMERO DE CONTROL
- campo de control: MX-MxUPN
005 - FECHA Y HORA DE LA ÜLTIMA TRANSACCIÓN
- campo de control: 20240412131816.0
008 - DATOS DE LONGITUD FIJA
- campo de control de longitud fija: 240412n||fcnnnaabn | ana |d
035 ## - NÚMERO DE CONTROL
- Número de control: UPN10000024001
040 ## - FUENTE DE CATALOGACIÓN
- Agencia original de catalogación: MX-MxUPN
- Lenguaje de catalogación: spa
- Agencia transcribe: MX-MxUPN
110 1# - ENCABEZAMIENTO - NOMBRE CORPORATIVO
- Nombre corporativo o de jurisdicción como elemento de entrada : México.
- Unidad subordinada: Congreso Constituyente (1916-1917)
670 ## - FUENTE EN LA QUE SE LOCALIZARON DATOS
- Cita de la fuente : LC
902 ## - CATALOGADOR
- Catalogador: MCM/120815
